[Event "Politiken Cup"]
[Site "Copenhagen DEN"]
[Date "2001.07.17"]
[Round "2"]
[White "McShane,L"]
[Black "Akesson,J"]
[Result "1-0"]
[WhiteElo "2511"]
[BlackElo "2203"]

1.e4 c5 2.Nf3 Nc6 3.Bb5 g6 4.Bxc6 dxc6 5.d3 Bg7 6.h3 e5 7.Be3 Qe7 8.Qd2 Nf6
9.Nc3 Nd7 10.Bh6 f6 11.Bxg7 Qxg7 12.Ne2 Nf8 13.Nh2 Ne6 14.f4 exf4 15.Nxf4 O-O
16.O-O-O f5 17.Rhf1 Nxf4 18.Qxf4 fxe4 19.Qxe4 Bf5 20.Qe3 Rae8 21.Qxc5 Re2
22.Rd2 Qh6 23.Qc4+ Be6 24.Rxf8+ Kxf8 25.Qb4+ c5 26.Qxc5+ Kg8 27.Nf3 Rxg2
28.Kd1 Qxh3 29.Ne1 Qg4+ 30.Kc1 Qg5 31.Qxg5 Rxg5 32.Rh2 Bd5 33.c4 Bc6 34.Kd2 Ra5
35.a3 h5 36.d4 Rg5 37.d5 Bd7 38.Nd3  1-0

[Event "Politiken Cup"]
[Site "Copenhagen DEN"]
[Date "2001.07.18"]
[Round "3"]
[White "Pedersen,C"]
[Black "McShane,L"]
[Result "0-1"]
[WhiteElo "2280"]
[BlackElo "2511"]

1.e4 c5 2.Nf3 Nc6 3.d3 g6 4.g3 Bg7 5.Bg2 e5 6.O-O Nge7 7.Re1 O-O 8.c3 h6
9.Nbd2 d6 10.a3 Be6 11.b4 b5 12.Rb1 Rb8 13.a4 cxb4 14.cxb4 Qd7 15.Ba3 g5
16.Nf1 d5 17.N3d2 Nd4 18.a5 f5 19.Bb2 dxe4 20.dxe4 f4 21.Bxd4 Qxd4 22.g4 Nc6
23.Qe2 Rfd8 24.Nf3 Qc4 25.Qb2 Bxg4 26.N1d2 Qe6 27.Nb3 Bf8 28.Rec1 Bxf3 29.Bxf3 g4
30.Bd1 Kh7 31.Rxc6 Qxc6 32.Qxe5 f3 33.Nd4 Qd7 34.Rc1 Bg7 35.Qf5+ Qxf5 36.Nxf5 Rbc8
37.Rb1 Be5 38.h3 h5 39.hxg4 hxg4 40.Bb3 Rc3 41.Bd5 Rdc8 42.Ng3 Rc1+ 43.Rxc1 Rxc1+
44.Kh2 Rf1  0-1

[Event "Politiken Cup"]
[Site "Copenhagen DEN"]
[Date "2001.07.20"]
[Round "5"]
[White "McShane,L"]
[Black "Nielsen,PH"]
[Result "1/2-1/2"]
[WhiteElo "2511"]
[BlackElo "2593"]

1.e4 c5 2.Nf3 e6 3.g3 d5 4.exd5 exd5 5.Nc3 d4 6.Ne2 Nf6 7.Bg2 Be7 8.O-O O-O
9.d3 Nc6 10.Re1 Rb8 11.Bf4 Bd6 12.c3 dxc3 13.bxc3 b6 14.d4 cxd4 15.cxd4 Bb7
16.Ne5 Na5 17.d5 Rc8 18.Nd4 Bb4 19.Nec6 Bxc6 20.Nxc6 Nxc6 21.dxc6 Bxe1 22.Qxe1 Re8
23.Qf1 Ne4 24.Qc4 Qf6 25.Rc1 Nc5 26.Be3 Rxc6 27.Bxc6 Qxc6 28.Rd1 h6 29.Rd5 Re4
30.Rd8+ Kh7 31.Qxf7 Qe6 32.Qxe6  1/2-1/2

[Event "Politiken Cup"]
[Site "Copenhagen DEN"]
[Date "2001.07.20"]
[Round "6"]
[White "Jepson,C"]
[Black "McShane,L"]
[Result "1-0"]
[WhiteElo "2373"]
[BlackElo "2511"]

1.d4 g6 2.e4 Bg7 3.Nc3 d6 4.f4 a6 5.Nf3 e6 6.Be3 Ne7 7.Bd3 Nd7 8.e5 b5 9.a4 b4
10.Ne4 Nb6 11.Bf2 Bb7 12.a5 Nbd5 13.Qd2 Qd7 14.O-O O-O 15.Bh4 Nf5 16.Bf6 Bxf6
17.Nxf6+ Nxf6 18.exf6 Qd8 19.Qxb4 Rb8 20.Qc3 Qxf6 21.Bxf5 Qxf5 22.Rf2 Rfc8
23.b4 c5 24.dxc5 dxc5 25.bxc5 Rxc5 26.Qb2 Rb5 27.Qd4 Bxf3 28.Rxf3 Qxc2 29.h3 Rd5
30.Qa7 Rb2 31.Rg3 Rd2 32.Kh1 Qe4 33.Rg1 Qxf4 34.Rg4 Qd6 35.Rf1 Qd7 36.Qxa6 h5
37.Rgf4 f5 38.Qa8+ Kh7 39.Rg1 e5 40.Rc4 f4 41.Rgc1 Qf7 42.Rc7 Rd7 43.Rxd7 Qxd7
44.Rc8 Qf7 45.Rf8 Qe7 46.Rh8+ Kg7 47.a6 Rb1+ 48.Kh2 Ra1 49.Qb7 Kxh8 50.Qxe7 Rxa6
51.Qxe5+ Kh7 52.Qc7+ Kh6 53.Qxf4+ Kh7 54.Qf7+ Kh6 55.Kg3 Ra3+ 56.Kf2 Ra6
57.g3 Ra8 58.Qf4+ Kg7 59.Qe5+ Kh6 60.Qe3+ Kg7 61.Qe7+ Kh6 62.Kf3 Ra6 63.Qf8+ Kh7
64.Qf7+ Kh6 65.Qg8 Rf6+ 66.Ke4 Rc6 67.Qh8+ Kg5 68.Kf3 Rf6+ 69.Kg2 Rf7 70.h4+ Kf5
71.Qh6 Kf6 72.Kf3 Ke5+ 73.Ke3 Rf6 74.Qg7 Kf5 75.Kf3 Ke5+ 76.Kg2 Kf5 77.Qd7+ Re6
78.Qf7+ Ke5 79.Qf4+ Kd5 80.Kf3 Kc5 81.Qf7 Rd6 82.Qe7 Kd5 83.Kf4 Re6 84.Qf7 Kd6
85.Kg5 Ke5 86.Qxe6+  1-0

[Event "Politiken Cup"]
[Site "Copenhagen DEN"]
[Date "2001.07.21"]
[Round "7"]
[White "Aaberg,A"]
[Black "McShane,L"]
[Result "0-1"]
[WhiteElo "2373"]
[BlackElo "2511"]

1.d4 Nf6 2.c4 g6 3.g3 Bg7 4.Bg2 O-O 5.Nc3 d6 6.Nf3 Nc6 7.O-O Rb8 8.d5 Na5
9.Nd2 c6 10.Rb1 cxd5 11.cxd5 Bf5 12.e4 Bd7 13.b4 Qc7 14.Ne2 Nc4 15.h3 Rfc8
16.Nb3 Qb6 17.Nbd4 a5 18.b5 Be8 19.Kh2 Nd7 20.f4 a4 21.Rb4 a3 22.Qb3 Qc5
23.e5 Ndb6 24.Rd1 dxe5 25.fxe5 Bxe5 26.Bf4 Bxf4 27.Nxf4 Ne3 28.Qxe3 Qxb4
29.Nfe6 Qc3 30.Qh6 fxe6 31.Rf1 Bd7 32.Rf4 Nxd5  0-1

[Event "Politiken Cup"]
[Site "Copenhagen DEN"]
[Date "2001.07.24"]
[Round "10"]
[White "McShane,L"]
[Black "De Firmian,N"]
[Result "0-1"]
[WhiteElo "2511"]
[BlackElo "2552"]

1.e4 Nf6 2.e5 Nd5 3.d4 d6 4.Nf3 c6 5.c4 Nc7 6.Nc3 dxe5 7.Nxe5 Nd7 8.Nf3 g6
9.Bf4 Bg7 10.Be2 O-O 11.O-O Nf6 12.Qb3 Ne6 13.Be5 Ng4 14.Bxg7 Kxg7 15.Rfd1 Qc7
16.d5 Nf4 17.Bf1 Nf6 18.Rd4 cxd5 19.cxd5 e5 20.Rc4 Qb8 21.Re1 Re8 22.Rb4 b6
23.Bb5 Bd7 24.g3 a5 25.Ra4 Bxb5 26.Qxb5 e4 27.Nxe4 N4xd5 28.Rd4 Qb7 29.Nxf6 Nxf6
30.Rxe8 Rxe8 31.Qd3 Rc8 32.Kg2 Rc5 33.h4 h5 34.Rf4 Ng4 35.Qd4+ Ne5 36.Qe4 Qxe4
37.Rxe4 Nd3 38.b3 Rc2 39.Rd4 Rxf2+  0-1

[Event "Politiken Cup"]
[Site "Copenhagen DEN"]
[Date "2001.07.25"]
[Round "11"]
[White "McShane,L"]
[Black "Jakobsen,O"]
[Result "1/2-1/2"]
[WhiteElo "2511"]
[BlackElo "2398"]

1.e4 c5 2.Nf3 e6 3.d3 Nc6 4.g3 d5 5.Qe2 dxe4 6.dxe4 e5 7.Bg2 Be7 8.O-O Nf6
9.c3 a6 10.Nbd2 Qc7 11.Nc4 Be6 12.Nh4 Bxc4 13.Qxc4 g6 14.f4 Nd7 15.Nf3 b5
16.Qe2 O-O 17.f5 c4 18.Kh1 Nc5 19.Bh6 Rfd8 20.Ng5 f6 21.Nf3 Bf8 22.Be3 g5
23.Ne1 Nd3 24.Rd1 Nxe1 25.Rdxe1 Rd3 26.a3 Na5 27.h4 h6 28.Rf2 Nb3  1/2-1/2

[Event "Bundesliga 2001-2"]
[Site "Werder Bremen GER"]
[Date "2001.10.07"]
[Round "2"]
[White "Buhmann,R"]
[Black "McShane,L"]
[Result "0-1"]
[WhiteElo "2498"]
[BlackElo "2511"]

1.Nf3 g6 2.d4 Bg7 3.e4 d6 4.c3 Nf6 5.Bd3 O-O 6.O-O Nc6 7.Nbd2 e5 8.dxe5 Nxe5
9.Nxe5 dxe5 10.Nc4 Nh5 11.Be2 Nf4 12.Bxf4 exf4 13.Qxd8 Rxd8 14.Rfd1 Bd7 15.Na5 Rab8
16.Kf1 b6 17.Nb3 Kf8 18.Bc4 Ke7 19.a4 Be8 20.Rxd8 Rxd8 21.Ke2 a5 22.Bb5 Bxb5+
23.axb5 Be5 24.Nc1 Ke6 25.Nd3 f5 26.Ra4 Bd6 27.h3 g5 28.Rd4 fxe4 29.Rxe4+ Kf5
30.Rd4 h6 31.Rd5+ Ke6 32.c4 a4 33.h4 Be7 34.hxg5 hxg5 35.Re5+ Kf7 36.Re4 Bf6
37.c5 Rd4 38.Ne5+ Bxe5 39.Rxe5 Kf6 40.Re8 Rb4 41.cxb6 cxb6 42.Ra8 Rxb5 43.Rxa4 Rxb2+
44.Kf3 b5 45.Ra8 Rc2 46.Rb8 Rc5 47.Ke4 Re5+ 48.Kd4 Re2 49.g4 fxg3 50.fxg3 Kf5
51.Rxb5+ Kg4 52.Kd3 Rg2 53.Ke3 Rxg3+ 54.Kf2 Kh3 55.Rb8 Rg2+ 56.Kf1 g4 57.Rg8 Ra2
58.Rg7 Kg3 59.Rg8 Ra1+ 60.Ke2 Rg1 61.Rg7 Kh2 62.Rg8 g3 63.Rg7 Kg2 64.Rh7 Ra1
65.Rh8 Ra2+ 66.Ke1 Kg1 67.Rh7 g2 68.Rh8 Ra5  0-1

[Event "EuTCh"]
[Site "Leon ESP"]
[Date "2001.11.06"]
[Round "1"]
[White "Antoms,G"]
[Black "McShane,L"]
[Result "0-1"]
[WhiteElo "2486"]
[BlackElo "2531"]

1.e4 c5 2.Nc3 Nc6 3.f4 g6 4.Nf3 Bg7 5.Bc4 e6 6.f5 Nge7 7.fxe6 dxe6 8.O-O Nd4
9.d3 Nec6 10.Bg5 Nxf3+ 11.Qxf3 Bd4+ 12.Be3 Bxe3+ 13.Qxe3 Qd4 14.Qxd4 cxd4
15.Nb5 Ke7 16.Rae1 Bd7 17.Nc7 Rac8 18.Nd5+ Kd6 19.Nf6 Ne5 20.c3 dxc3 21.bxc3 Ba4
22.Bb3 Bxb3 23.axb3 Nxd3 24.Rd1 Rxc3 25.Rf3 Ke7 26.Ng4 Rd8 27.Nf2 Nxf2 28.Rxd8 Rxf3  0-1

[Event "EuTCh"]
[Site "Leon ESP"]
[Date "2001.11.07"]
[Round "2"]
[White "McShane,L"]
[Black "Zaja,I"]
[Result "1/2-1/2"]
[WhiteElo "2531"]
[BlackElo "2476"]

1.e4 e5 2.Nf3 Nc6 3.Bb5 a6 4.Ba4 Nf6 5.O-O b5 6.Bb3 Bc5 7.a4 Rb8 8.c3 d6
9.d4 Bb6 10.Na3 O-O 11.axb5 axb5 12.Nxb5 Bg4 13.Re1 exd4 14.cxd4 Nxd4 15.Nbxd4 Bxd4
16.Bxf7+ Rxf7 17.Qxd4 Bxf3 18.gxf3 Nd7 19.f4 Nc5 20.Qc4 Nb3 21.Ra7 Qh4 22.Rxc7 Qg4+
23.Kh1 Qf3+ 24.Kg1 Qg4+ 25.Kf1 Qh3+ 26.Ke2 Qh5+ 27.Kf1 Qh3+ 28.Ke2 Qh5+ 29.Kf1  1/2-1/2

[Event "EuTCh"]
[Site "Leon ESP"]
[Date "2001.11.09"]
[Round "4"]
[White "Degraeve,JM"]
[Black "McShane,L"]
[Result "1-0"]
[WhiteElo "2588"]
[BlackElo "2531"]

1.e4 c5 2.Nf3 Nc6 3.Nc3 d6 4.d4 cxd4 5.Nxd4 e5 6.Nb3 Nf6 7.Bg5 Be7 8.Bxf6 Bxf6
9.Bc4 Be6 10.Nd5 Rc8 11.c3 O-O 12.O-O Bg5 13.Qd3 Kh8 14.Rad1 f5 15.Ne3 Bxc4
16.Nxc4 fxe4 17.Qxe4 Be7 18.g3 Rf6 19.Ne3 Qe8 20.Rd2 Qh5 21.Qg4 Qe8 22.Rfd1 Rd8
23.Nd5 Rg6 24.Qe4 Qf7 25.Re2 Rh6 26.Nd2 Rf8 27.Nf1 Bd8 28.Red2 Qh5 29.Nde3 Bc7
30.b4 a6 31.a4 Qf7 32.Qc4 Qh5 33.Qe4 Qf7 34.Qd5 Qh5 35.Nc4 Nd8 36.h4 Rg6
37.b5 axb5 38.axb5 b6 39.Qg2 Nf7 40.Nfe3 Nh6 41.Nxd6 Bxd6 42.Rxd6 Qe2 43.c4 Rxd6
44.Rxd6 e4 45.Re6 Ra8 46.Rxe4 Ng8 47.Nd5 Qd3 48.Rf4 h5 49.Qf3 Ra1+ 50.Kh2 Qb1
51.Qxh5+ Nh6 52.Qe8+ Ng8 53.Qe4 Qg1+ 54.Kh3 Qf1+ 55.Qg2 Qe2 56.Re4 Qd1 57.Kh2 Qh5
58.Nf4 Qf7 59.Qf3 Nf6 60.Rd4 Re1 61.Rd8+ Kh7 62.Nh3 Kg6 63.Qd3+ Ne4 64.Rd6+  1-0

[Event "EuTCh"]
[Site "Leon ESP"]
[Date "2001.11.13"]
[Round "7"]
[White "Buhmann,R"]
[Black "McShane,L"]
[Result "1-0"]
[WhiteElo "2505"]
[BlackElo "2531"]

1.Nf3 g6 2.c4 Bg7 3.d4 d6 4.Nc3 Nd7 5.e4 e6 6.Be2 Ne7 7.Be3 a6 8.Qd2 h6 9.O-O g5
10.Ne1 c5 11.dxc5 dxc5 12.Nd3 b6 13.f4 Bb7 14.Bh5 Nf6 15.Bxf7+ Kxf7 16.fxg5 hxg5
17.Bxg5 Rh5 18.e5 Qd4+ 19.Be3 Qh4 20.g3 Qg4 21.exf6 Bxf6 22.Rf4 Qg6 23.Raf1 Nf5
24.Rxf5 Rxf5 25.Nf4 Rxf4 26.Qd7+ Kg8 27.Qxe6+ Qf7 28.Qxf7+ Kxf7 29.Rxf4 Re8
30.Kf2 Ke6 31.Ne4 Be5 32.Ng5+ Kd6 33.Nf7+ Kd7 34.Nxe5+ Rxe5 35.h4 Be4 36.Rf7+ Ke6
37.Ra7 Kf5 38.Rxa6 Re6 39.Ra7  1-0

[Event "EuTCh"]
[Site "Leon ESP"]
[Date "2001.11.15"]
[Round "9"]
[White "Pavasovic,D"]
[Black "McShane,L"]
[Result "1/2-1/2"]
[WhiteElo "2526"]
[BlackElo "2531"]

1.e4 c5 2.c3 Nf6 3.e5 Nd5 4.Nf3 Nc6 5.Bc4 e6 6.d4 cxd4 7.cxd4 d6 8.O-O Be7
9.Qe2 O-O 10.Rd1 Na5 11.b3 Bd7 12.Bxd5 exd5 13.Nc3 Be6 14.Ba3 Nc6 15.Rac1 Rc8
16.h3 a6 17.Qe3 Re8 18.Qd3 h6 19.Na4 Rc7 20.Re1 dxe5 21.Bxe7 Rcxe7 22.dxe5 Bc8
23.Qc2 f6 24.exf6 Rxe1+ 25.Rxe1 Rxe1+ 26.Nxe1 Qxf6 27.Qd2 d4 28.Nc5 Qe7 29.Ncd3 Bf5
30.g4 Bg6 31.f4 Bf7 32.Nf3 Qe4 33.Kf2 Bd5 34.Qe2 Qg6 35.f5 Qf7 36.Nf4 Qd7
37.Nxd5 Qxd5 38.Qe8+ Kh7 39.Qg6+ Kg8 40.Qe8+ Kh7 41.Qg6+ Kg8 42.g5 Qf7 43.Qxf7+ Kxf7
44.h4 hxg5 45.hxg5 b5 46.a3 Ke7 47.Ke2 Kd6 48.Kd3 Kd5 49.f6 gxf6 50.gxf6 Nb8
51.f7 Nd7 52.b4 Ke6 53.Ng5+ Kd5 54.Kc2 Nf8 55.Kd3 Ng6 56.Nf3 Nf4+ 57.Kc2 Ng6
58.Nh4 Nf8 59.Kd3 Ke6 60.Kxd4 Kxf7 61.Kd5 Nd7 62.Nf5 Nb6+ 63.Kc5 Na4+ 64.Kc6 Nb2
65.Nd4 Nc4 66.Nc2 Ke7 67.Kb7 a5 68.Nd4 axb4 69.axb4 Nb2 70.Nxb5  1/2-1/2

[Event "Rilton Cup"]
[Site "Stockholm SWE"]
[Date "2001.12.28"]
[Round "2"]
[White "McShane,L"]
[Black "Hjelm,N"]
[Result "1-0"]
[WhiteElo "2531"]
[BlackElo "2327"]

1.e4 e5 2.Nf3 Nc6 3.Bb5 Nf6 4.O-O Nxe4 5.d4 Nd6 6.Bxc6 dxc6 7.dxe5 Ne4 8.Qe2 Bf5
9.Rd1 Qc8 10.Nd4 Bg6 11.e6 fxe6 12.Nd2 c5 13.Nxe4 cxd4 14.Rxd4 Be7 15.Bg5 Bxe4
16.Bxe7 Kxe7 17.Qxe4 c5 18.Qh4+ Kf7 19.Rf4+ Kg8 20.Qe7  1-0

[Event "Rilton Cup"]
[Site "Stockholm SWE"]
[Date "2001.12.29"]
[Round "3"]
[White "Hunt,H"]
[Black "McShane,L"]
[Result "1/2-1/2"]
[WhiteElo "2406"]
[BlackElo "2531"]

1.e4 c5 2.Nf3 d6 3.d4 cxd4 4.Nxd4 Nf6 5.Nc3 a6 6.Be2 e5 7.Nb3 Be7 8.O-O O-O
9.Kh1 Qc7 10.g4 Be6 11.g5 Nfd7 12.Rg1 Nc6 13.Nd5 Bxd5 14.exd5 Na5 15.Nd2 b5
16.b4 Nc4 17.Nxc4 bxc4 18.Rg4 Qb6 19.Qe1 Rac8 20.Be3 Qb5 21.Rd1 f5 22.Rg1 Bd8
23.c3 Bb6 24.Bxb6 Nxb6 25.Qd2 a5 26.a3 axb4 27.axb4 Ra8 28.g6 h6 29.f4 Nd7
30.Bf1 Ra3 31.Bh3 Qa4 32.Rb1 Qa8 33.fxe5 Nxe5 34.Rgf1 Nd3 35.Qg2 Ra2 36.Qf3 Qa7
37.Bxf5 Nf2+ 38.Kg2 Ne4+ 39.Kh1 Nf2+ 40.Kg2 Ne4+ 41.Kh1 Nf2+  1/2-1/2

[Event "Rilton Cup"]
[Site "Stockholm SWE"]
[Date "2001.12.30"]
[Round "4"]
[White "McShane,L"]
[Black "Handke,F"]
[Result "0-1"]
[WhiteElo "2531"]
[BlackElo "2407"]

1.e4 c5 2.Nf3 e6 3.d3 Nc6 4.g3 Nge7 5.Bg2 g6 6.O-O Bg7 7.c3 O-O 8.Nbd2 d6
9.a4 h6 10.Re1 e5 11.Nc4 Be6 12.Bd2 f5 13.Qe2 Qd7 14.b4 fxe4 15.dxe4 cxb4
16.Qd3 bxc3 17.Bxc3 Rad8 18.Ne3 Qe8 19.Qb5 b6 20.Rad1 Qf7 21.Rd2 Nd4 22.Bxd4 exd4
23.Nc2 Bc4 24.Qb4 Nc6 25.Qa3 Ba6 26.Nb4 Nxb4 27.Qxb4 d3 28.e5 dxe5 29.Nxe5 Bxe5
30.Rxe5 Rfe8 31.Rxe8+ Qxe8 32.Be4 Qe5 33.Bxg6 Kg7 34.Qg4 Qe1+ 35.Kg2 Qxd2
36.Qe6 Bb7+ 37.Kh3 Bc8  0-1

[Event "Rilton Cup"]
[Site "Stockholm SWE"]
[Date "2002.01.02"]
[Round "6"]
[White "McShane,L"]
[Black "Borbjerggaard,L"]
[Result "1-0"]
[WhiteElo "2531"]
[BlackElo "2369"]

1.e4 c6 2.d4 d5 3.Nd2 dxe4 4.Nxe4 Bf5 5.Nc5 Nd7 6.Nxb7 Qb6 7.Nc5 Nxc5 8.dxc5 Qxc5
9.c3 Qb6 10.Nf3 g6 11.Qb3 Be6 12.Bc4 Qxb3 13.axb3 Bxc4 14.bxc4 Bg7 15.Ra6 Kd7
16.Bf4 f6 17.Ke2 e5 18.Rd1+ Kc7 19.Rda1 Bh6 20.Bg3 Kb7 21.Nxe5 fxe5 22.Bxe5 Re8
23.Rxa7+ Kb6 24.b4  1-0

[Event "Rilton Cup"]
[Site "Stockholm SWE"]
[Date "2002.01.03"]
[Round "7"]
[White "Couso,L"]
[Black "McShane,L"]
[Result "0-1"]
[WhiteElo "2347"]
[BlackElo "2531"]

1.e4 c5 2.Nf3 Nc6 3.d4 cxd4 4.Nxd4 Nf6 5.Nc3 e5 6.Ndb5 d6 7.Bg5 a6 8.Na3 b5
9.Nd5 Be7 10.Bxf6 Bxf6 11.c3 Bb7 12.Nc2 Nb8 13.Nce3 Nd7 14.g3 g6 15.h4 O-O
16.Bg2 Rb8 17.h5 Bg7 18.Qd2 Nb6 19.Nxb6 Qxb6 20.Rd1 Rfd8 21.Qc2 Rdc8 22.Qb3 Qd8
23.hxg6 hxg6 24.Rd2 Rc6 25.Qd1 Bf6 26.O-O a5 27.a3 Bc8 28.Qf3 Bg5 29.Rfd1 Be6
30.Bf1 Bb3 31.Ra1 Kg7 32.Rd3 Qd7 33.Nd5 Bc2 34.Rad1 Bxd1 35.Qxd1 Bd8 36.Be2 Bb6
37.Bg4 Qd8 38.Qf3 Bc5 39.b4 axb4 40.axb4 Ba7 41.Rd2 Ra6 42.Kg2 Ra1 43.Bd7 Qg5
44.Rd1 Ra2 45.Rf1 Rd2 46.Bc6 f5 47.Nc7 Qe7 48.Nxb5 fxe4 49.Qxe4 Bb6 50.Qe1 Qg5
51.c4 Rf8 52.c5 dxc5 53.Nc3 Rc2 54.Ne4 Qf5 55.Qd1 cxb4 56.g4 Qf4 57.Bb7 Bxf2
58.Qd7+ Rf7 59.Qxf7+ Qxf7  0-1

[Event "Rilton Cup"]
[Site "Stockholm SWE"]
[Date "2002.01.04"]
[Round "8"]
[White "McShane,L"]
[Black "Lalic,B"]
[Result "1/2-1/2"]
[WhiteElo "2531"]
[BlackElo "2522"]

1.b4 Nf6 2.Bb2 e6 3.a3 d5 4.e3 a6 5.c4 dxc4 6.Bxc4 c5 7.bxc5 Bxc5 8.Nf3 Nc6
9.d4 Be7 10.Nbd2 b5 11.Bd3 Bb7 12.O-O O-O 13.Qe2 b4 14.Rfc1 bxa3 15.Bxa3 Nb4
16.Bxb4 Bxb4 17.Bxa6 Bxa6 18.Rxa6 Rxa6 19.Qxa6 Bxd2 20.Nxd2 e5 21.Nf3 exd4
22.Nxd4 Qa8 23.Qc4 Qd5 24.Qc7 h6 25.h3 Ra8 26.Rb1 Ne4 27.Qf4 Ng5 28.Qg4 Qe4
29.Qxe4 Nxe4 30.f3 Nc3 31.Rb3 Nd5 32.Kf2 g6 33.g4 Ra2+ 34.Ne2 f5 35.Rd3 Nb4
36.Rb3 Nd5 37.Rd3 Nb4 38.Rd4 Rb2 39.Rd6 Kf7 40.f4 Ke7 41.Rd1 Ke6 42.Ra1 Nc2
43.Ra5 Kf6 44.Rc5 Nb4 45.Kf3 Nc2 46.Rc3 Ne1+ 47.Kf2 Ng2 48.Rc7 g5 49.Rc6+ Kf7
50.Kxg2 Rxe2+ 51.Kf3 Rh2 52.Rxh6 fxg4+ 53.Kxg4 gxf4 54.Kxf4 Rf2+ 55.Kg3 Rf1
56.Kg2 Rf5 57.Rh4 Ra5 58.Rf4+ Ke6 59.Kf3 Ra1 60.Rb4 Rf1+ 61.Ke2 Rh1 62.h4 Ke5
63.Kf3 Rh3+ 64.Kf2 Kf5 65.Ra4 Ke5 66.Rf4 Kd5 67.e4+ Ke5 68.Rg4 Ra3 69.Rg3 Ra1
70.Kf3 Rf1+ 71.Kg4 Kxe4 72.h5 Ke5 73.Kg5 Ke6 74.Kg6  1/2-1/2

[Event "Rilton Cup"]
[Site "Stockholm SWE"]
[Date "2002.01.05"]
[Round "9"]
[White "Ernst,T"]
[Black "McShane,L"]
[Result "1/2-1/2"]
[WhiteElo "2436"]
[BlackElo "2531"]

1.e4 e5 2.Nf3 Nc6 3.Bb5 Nf6 4.O-O Nxe4 5.d4 Nd6 6.Bxc6 dxc6 7.dxe5 Nf5 8.Qxd8+ Kxd8
9.Nc3 Ke8 10.b3 a5 11.Bb2 Bb4 12.a3 Bxc3 13.Bxc3 c5 14.h3 h5 15.Rad1 b6 16.Ng5 Ke7
17.Rd2 Be6 18.Rfd1 h4 19.Kf1 Rh5 20.Nxe6 Kxe6 21.Ke2 Ne7 22.Kf3 Nc6 23.Kg4 Rh6
24.a4 Rg6+ 25.Kf3 Rg5 26.Re1 Rh8 27.Re4 Rhh5 28.Bb2 Rg6 29.Rg4 Nxe5+ 30.Bxe5 Rxe5
31.Rxg6+ fxg6 32.Rd8 Rf5+ 33.Ke3 g5 34.f3 Re5+ 35.Kd3 Ke7 36.Rc8 Kd7 37.Rf8 Ke7
38.Rc8 Kd7 39.Rf8 Ke7  1/2-1/2

[Event "Redbus KO"]
[Site "Southend ENG"]
[Date "2002.03.29"]
[Round "1.2"]
[White "McShane,L"]
[Black "Plaskett,J"]
[Result "1-0"]
[WhiteElo "2525"]
[BlackElo "2474"]

1.e4 c5 2.Nf3 e6 3.d4 cxd4 4.Nxd4 Nc6 5.Nb5 d6 6.Bf4 e5 7.Be3 Be6 8.Nd2 Nf6
9.Bg5 Be7 10.Bxf6 Bxf6 11.Nc4 O-O 12.Qxd6 Qc8 13.c3 Be7 14.Qd1 Rd8 15.Qc1 Nb4
16.Nxe5 Bg5 17.f4 Bxf4 18.Qxf4 Nc2+ 19.Kf2 Qc5+ 20.Kg3 Nxa1 21.b4 Qc8 22.Nf3 Rd7
23.Qc1 a5 24.Qxa1 axb4 25.cxb4 Rxa2 26.Qe5 Rd1 27.Nc3 f6 28.Qc5 Qb8+ 29.e5 Rc2
30.Bc4 Rxh1 31.Bxe6+ Kh8 32.Bc8  1-0

[Event "Redbus KO"]
[Site "Southend ENG"]
[Date "2002.03.29"]
[Round "1.1"]
[White "Plaskett,J"]
[Black "McShane,L"]
[Result "1/2-1/2"]
[WhiteElo "2474"]
[BlackElo "2525"]

1.e4 c5 2.Nc3 Nc6 3.Nf3 d6 4.d4 cxd4 5.Nxd4 e5 6.Nxc6 bxc6 7.Bc4 Be7 8.O-O Nf6
9.Qd3 O-O 10.Bg5 Bg4 11.f4 exf4 12.Bxf4 Bh5 13.Kh1 Bg6 14.Qf3 Qa5 15.Bb3 Rae8
16.Rae1 Nh5 17.Bd2 Bg5 18.Re2 Nf6 19.Qg3 Bxd2 20.Rxd2 Nxe4 21.Nxe4 Bxe4 22.Rxd6 Qc5
23.h3 Bxc2  1/2-1/2

[Event "Redbus KO"]
[Site "Southend ENG"]
[Date "2002.03.30"]
[Round "2.1"]
[White "McShane,L"]
[Black "Summerscale,A"]
[Result "1/2-1/2"]
[WhiteElo "2525"]
[BlackElo "2503"]

1.e4 e6 2.d4 d5 3.Nd2 c5 4.Ngf3 Nf6 5.exd5 exd5 6.Bb5+ Bd7 7.Bxd7+ Nbxd7
8.O-O Be7 9.dxc5 Nxc5 10.Nb3 Nce4 11.Nfd4 Qd7 12.f3 Nd6 13.Nc5 Qc8 14.Nd3 O-O
15.Be3 Re8 16.Bf2 Nf5 17.Qd2 Bd6 18.Rae1 Nxd4 19.Bxd4 Qf5 20.Rxe8+ Nxe8 21.Re1 Nc7
22.Be5 Bxe5 23.Rxe5 Qd7 24.Qb4 Ne6 25.f4 f6 26.Re2 b6 27.f5 Ng5 28.Qe7 Rd8
29.Nf2 Qxe7 30.Rxe7 Rc8 31.c3 d4 32.Nd1 Kf8 33.Rd7 Rc5 34.h4 Nf7 35.Rxd4  1/2-1/2

[Event "Redbus KO"]
[Site "Southend ENG"]
[Date "2002.03.30"]
[Round "2.2"]
[White "Summerscale,A"]
[Black "McShane,L"]
[Result "1/2-1/2"]
[WhiteElo "2503"]
[BlackElo "2525"]

1.d4 b6 2.e4 Bb7 3.Bd3 e6 4.Qe2 d6 5.Nf3 Nd7 6.c4 g6 7.b3 Bg7 8.Bb2 Ne7 9.Nc3 h6
10.Rd1 O-O 11.O-O a6 12.Bb1 Qe8 13.Rfe1 Rd8 14.h3 Kh8 15.Bc2 c5 16.Qe3  1/2-1/2

[Event "Redbus KO"]
[Site "Southend ENG"]
[Date "2002.03.31"]
[Round "3.1"]
[White "McShane,L"]
[Black "Ward,C"]
[Result "1/2-1/2"]
[WhiteElo "2525"]
[BlackElo "2486"]

1.e4 c5 2.Nf3 g6 3.d4 cxd4 4.Qxd4 Nf6 5.Nc3 Nc6 6.Qa4 d6 7.e5 dxe5 8.Nxe5 Bd7
9.Nxc6 bxc6 10.Bf4 Bg7 11.Be5 Qb6 12.Be2 c5 13.Qb3 Bc6 14.O-O O-O 15.Rfd1 Qb4
16.Bc4 a5 17.a3 Qxb3 18.Bxb3 a4 19.Bc4 Ne4 20.Bxg7 Kxg7 21.Nxe4 Bxe4 22.Rd2 Rfd8
23.Rad1 Rd4 24.Rxd4 cxd4 25.Rxd4 Bxc2 26.Bb5 e5 27.Rd5 Kf6 28.Kf1 Bb3 29.Rd6+ Ke7
30.Ra6 Rxa6 31.Bxa6 Kd6 32.Ke2 e4 33.Ke3 Ke5 34.h4 f6 35.Bb5 f5 36.g3 h6
37.Bc6 g5 38.hxg5 hxg5 39.f4+ exf3 40.Bxf3 f4+ 41.gxf4+ gxf4+ 42.Kf2 Kd4
43.Bc6 Bd1 44.Bb5 Bb3 45.Bc6 Bd1  1/2-1/2

[Event "Redbus KO"]
[Site "Southend ENG"]
[Date "2002.03.31"]
[Round "3.2"]
[White "Ward,C"]
[Black "McShane,L"]
[Result "1/2-1/2"]
[WhiteElo "2486"]
[BlackElo "2525"]

1.d4 b6 2.e4 Bb7 3.Bd3 e6 4.Nf3 d6 5.c4 Nd7 6.Nc3 Be7 7.Be3 Bf6 8.Qd2 Ne7
9.h4 a6 10.g4 c5 11.d5 Bxc3 12.Qxc3 e5 13.h5 b5 14.Nd2 b4 15.Qc2 h6 16.Nf1 f6
17.Ng3 Qb6 18.f3 O-O-O 19.Rg1 Rhf8 20.Kf2 a5 21.a3 b3 22.Qc3 a4 23.Rg2 Rf7
24.Rag1 Re8 25.Bd2 Kb8 26.Qc1 Ba6 27.Nf5 Qc7 28.Ne3 Nc8 29.Qc3 Ka7 30.Nd1 Kb8
31.Ne3  1/2-1/2

[Event "Bundesliga 2001-2"]
[Site "Hamburg GER"]
[Date "2002.04.27"]
[Round "14"]
[White "McShane,L"]
[Black "Bischoff,K"]
[Result "0-1"]
[WhiteElo "2525"]
[BlackElo "2558"]

1.e4 c5 2.Nf3 d6 3.Bc4 Nf6 4.d3 e6 5.Bb3 Be7 6.O-O O-O 7.c3 b6 8.Re1 Bb7
9.Nbd2 Nbd7 10.Nf1 Rc8 11.Ng3 Re8 12.Bd2 Bf8 13.Rc1 h6 14.h4 a6 15.h5 b5
16.Bc2 Ng4 17.d4 cxd4 18.cxd4 Qb6 19.Qe2 Rc7 20.Bb1 Rec8 21.Rcd1 Be7 22.Qd3 Nf8
23.Nh2 Nxh2 24.Kxh2 b4 25.Be3 d5 26.e5 Bc6 27.Qe2 Ba4 28.b3 Be8 29.f4 f5
30.Nh1 Rc3 31.g4 Rxe3 32.Qxe3 fxg4 33.Ng3 Bh4 34.Rc1 Rc7 35.Rxc7 Qxc7 36.Rc1 Qf7
37.Kg2 Bxg3 38.Qxg3 Qxh5 39.Rh1 Qf7 40.Qxg4 Qc7 41.Rd1 Qc3 42.Qg3 Qc7 43.Rf1 Qa7
44.Qf2 Qe7 45.Qg3 Qa7 46.Rd1 Bh5 47.Rd2 Qf7 48.Rf2 Bg6 49.Bd3 Bxd3 50.Qxd3 Ng6
51.Kg3 Ne7 52.Kf3 Nf5 53.Kg2 Qg6+ 54.Kh2 Qg4 55.Rf1 Qh5+ 56.Kg1 a5 57.Rf2 Qh4
58.Kg2 Qg4+ 59.Kh2 Kh7 60.Rf1 Qh5+ 61.Kg1 Qh4 62.Kg2 Qg4+ 63.Kh2 Kg8 64.Rf2 Kf7
65.Rf1 h5 66.Qf3 Qxf3 67.Rxf3 Nxd4 68.Rh3 Kg6 69.Rg3+ Kf5 70.Rxg7 Kxf4 71.Ra7 Ke3
72.Ra6 Nf3+ 73.Kg2 Ng5 74.Rxa5 d4 75.a3 d3 76.axb4 d2 77.Ra1 Ke2 78.b5 Nf3
79.b6 Nxe5 80.Kg3 Nd7 81.Kh4 Nxb6 82.Kxh5 e5 83.Kg4 e4 84.Kf4 e3 85.Ke4 Nd5  0-1

[Event "Bundesliga 2001-2"]
[Site "Hamburg GER"]
[Date "2002.04.28"]
[Round "15"]
[White "McShane,L"]
[Black "Paehtz,T"]
[Result "1-0"]
[WhiteElo "2525"]
[BlackElo "2472"]

1.e4 g6 2.d4 Bg7 3.Nf3 d6 4.Bd3 Nf6 5.O-O O-O 6.c3 Nc6 7.Re1 e5 8.h3 Re8
9.d5 Ne7 10.c4 Nd7 11.Nc3 h6 12.b4 f5 13.Ba3 Nf6 14.Rc1 Kh8 15.Nd2 Rg8 16.c5 Ne8
17.Nc4 fxe4 18.Nxe4 dxc5 19.Nxc5 Qxd5 20.Bb2 Nc6 21.b5 e4 22.Bxg7+ Nxg7 23.Nxe4 Nb4
24.Qd2 Nf5 25.Qxb4  1-0

[Event "24th Politiken Cup"]
[Site "Copenhagen DEN"]
[Date "2002.07.15"]
[Round "1"]
[White "Petersen,N"]
[Black "McShane,L"]
[Result "0-1"]
[WhiteElo "2035"]
[BlackElo "2544"]

1.c4 e5 2.Nc3 Nf6 3.Nf3 Nc6 4.d4 e4 5.Ne5 Ne7 6.c5 d6 7.cxd6 cxd6 8.Nc4 d5
9.Ne3 g6 10.g3 Bg7 11.Bg2 O-O 12.O-O Be6 13.h3 Qd7 14.Kh2 h5 15.Rg1 b5 16.Nf1 Nh7
17.Be3 Nf5 18.Qd2 Rac8 19.b3 a6 20.f3 Nxe3 21.Qxe3 f5 22.Qd2 h4 23.f4 Qc7
24.Nd1 g5 25.e3 Kh8 26.Bh1 Bh6 27.fxg5 Bxg5 28.Qe2 hxg3+ 29.Nxg3 Rg8  0-1

[Event "24th Politiken Cup"]
[Site "Copenhagen DEN"]
[Date "2002.07.17"]
[Round "3"]
[White "Collins,S"]
[Black "McShane,L"]
[Result "0-1"]
[WhiteElo "2313"]
[BlackElo "2544"]

1.e4 c5 2.Nf3 Nc6 3.d4 cxd4 4.Nxd4 Nf6 5.Nc3 e5 6.Ndb5 d6 7.Bg5 a6 8.Na3 b5
9.Bxf6 gxf6 10.Nd5 f5 11.Bd3 Be6 12.O-O Bxd5 13.exd5 Ne7 14.c3 Bg7 15.Qh5 e4
16.Bc2 Qc8 17.Rae1 O-O 18.Kh1 Re8 19.Bb3 Ng6 20.f4 exf3 21.Rxe8+ Qxe8 22.Qxf3 f4
23.Bc2 Ra7 24.Bxg6 hxg6 25.Qxf4 Qe2 26.Qc1 Re7 27.Nc2 Qc4 28.Nd4 Qxd5 29.Qf4 Re4
30.Qf3 Bxd4 31.cxd4 Rxd4 32.Qf6 Rg4 33.Qf3 Qxf3 34.Rxf3 Rd4 35.h3 Kf8 36.Re3 a5
37.Kh2 f5 38.Rb3 b4 39.a3 a4 40.Rxb4 Rxb4 41.axb4 Ke7 42.Kg3 d5 43.Kf4 Kd6
44.h4 d4 45.g4 fxg4  0-1